000 00475nam a2200181 4500
003 SEACOMMC
005 20231026043818.0
008 231026b |||||||| |||| 00| 0 eng d
020 _cRs. 350.00
040 _aSEACOMMC
082 _a621.3815
_bVEN
100 1 _aVenkataramani, Y.
245 1 _aLinear integrated circuits and applications
_cY. Venkataramani
260 _aNew Delhi
_bISTE
_c2001
650 _aEngineering
650 _aComponents and circuits
942 _cBOOK
999 _c273
_d273